000 00301nam a22001337a 4500
008 170616b xxu||||| |||| 00| 0 eng d
020 _a9780872896147
041 _aeng
080 _24TH
_a323
100 _a20
101 _aSHP
245 _aISSUES IN RACE AND ETHNICITY
_cCARTER,B
942 _2udc
_cBK
999 _c17812
_d17812